Pays membres de l'espace Schengen - Statistiques

Statistiques générales
  • Ce quiz a été pris 146 fois
  • Le résultat moyen est 26 sur 29
Statistiques - réponses
Pays : % Correct
France
100%
Allemagne
98%
Portugal
98%
Espagne
97%
Belgique
96%
Italie
95%
Finlande
94%
Pays-Bas
94%
Suède
94%
Autriche
91%
Croatie
91%
Estonie
91%
Hongrie
91%
Norvège
91%
Pologne
91%
Slovaquie
90%
Lituanie
89%
Luxembourg
89%
Suisse
89%
Roumanie
88%
Slovénie
88%
Danemark
87%
Lettonie
86%
Tchéquie
86%
Grèce
83%
Bulgarie
82%
Malte
72%
Islande
70%
Liechtenstein
43%
Aucun quiz correspondant
Distribution des résultats
% des personnes avec chaque résultat
Percentile par nombre de réponses
Votre historique - résultats
Vous n’avez pas pris ce quiz